Datum a čas kvízu
37.5
Celkem bodů
Celkový počet nahraných bodů na tomto kvízu bez doplňovacích otázek.
5.
Pořadí na kvízu
Konečné umístění týmu na tomto kvízu.
Zaznamenané odpovědi
| # | Otázka | Odpověď | Body | Výsledky |
|---|---|---|---|---|
| 1. | Jak se jmenuje muž, který byl... | 1 | ||
| 2. | Americká Federální komise pro... | 1 | ||
| 3. | V nové české komedii s Jiřím L... | 1 | ||
| 4. | Společnost Coca-Cola je první... | 0 | ||
| 5. | Tenistka Karolína Plíšková zís... | 1 | ||
| 5. | Určitě si vybavíte, jak vypadá... | 1 | ||
| 5. | Jak se jmenovala značka, která... | 1 | ||
| 5. | O Ferdinandovi Porsche, zaklad... | 0 | ||
| 5. | Kim Čong-Il, Adolf Hitler, Idi... | 1 | ||
| 5. | Opel je součástí skupiny Group... | 1 |